000 00324nam a2200145Ia 4500
003 OSt
005 20240316120554.0
008 170524s9999 xx 000 0 und d
020 _a978-9332587090
040 _cIIMTU
100 _aSTILL- RICHARD R
245 0 _aSALES MANAGEMENT
260 _bPHI NEW DELHI
942 _2ddc
_c02
999 _c8133
_d8133